Un pueblo mesiánico : la Iglesia, sacramento de la salvación : salvación y liberación /

Estudio de eclesiología y teología bíblica que analiza por un lado la naturaleza de la Iglesia y su carisma misionero y liberador, y por otro, los diversos momentos en que se ha ido manifestando la salvación a través de la historia.

Збережено в:
Бібліографічні деталі
Автор: Congar, Yves M.J (autor)
Формат: Книга
Мова:Іспанська
Серія:(El Libro de Bolsillo Cristiandad ; Epifanía) 30.
Предмети:
Теги: Додати тег
Немає тегів, Будьте першим, хто поставить тег для цього запису!

MARC

LEADER 00000nam^a2200000^a^4500
001 000262975
005 20250521000000.0
009 20260310110559.825
020 |a 84-7057-199-0 
025 |a Donación Jesús Vergara Aceves, 2 ejemplares 
037 |a Acervo Xavier Clavigero 
041 |a ESP 
082 |a 262. 7  |b CON 
100 |a Congar, Yves M.J  |e (autor) 
245 1 3 |a Un pueblo mesiánico :  |b la Iglesia, sacramento de la salvación : salvación y liberación /  |c Y.M.J. Congar ; tr. por J. Valiente Malla. 
264 |a Madrid, España :  |b Ediciones Cristiandad,  |c 1976 
300 |a 244 p. 
336 |a texto  |b txt  |2 rdacontenido 
337 |a sin mediación  |b n  |2 rdamedio 
338 |a volumen  |b nc  |2 rdasoporte 
440 3 |a (El Libro de Bolsillo Cristiandad ;  |v 30.  |p Epifanía) 
500 |a Traducción de: Un peuple messianique. L'Eglise, sacrament du salut. Salut et libération 
520 |a Estudio de eclesiología y teología bíblica que analiza por un lado la naturaleza de la Iglesia y su carisma misionero y liberador, y por otro, los diversos momentos en que se ha ido manifestando la salvación a través de la historia. 
649 |a XX 
650 |a Salvación 
650 |a Sacramentos 
650 |a Biblia -  |x Historia y Crítica 
650 |a Teología 
650 |a Eclesiología 
650 |a Iglesia Católica -  |x Tema Principal 
650 |a Catolicismo 
650 |a Cristianismo 
650 |a Religión 
910 |a Fondo Jesús Vergara Aceves S.J. 
920 |a Impresos - Libros 
930 |a Fondos Especiales 
905 |a 119 
901 |a 0500143999  |b IT2  |c ESP  |u 20250521 
901 |a 0500167866  |b IT2  |c ESP  |u 20250521 
902 |a https://opac.biblio.iteso.mx/vufind/Record/000262975